| Tag |
First Indicator |
Second Indicator |
Subfields |
| LEADER |
00000cam a22000001 4500 |
| 001 |
in00000097959 |
| 005 |
20150925115324.0 |
| 008 |
700914s1968 njua 00010 eng |
| 010 |
|
|
|a 68015841
|
| 035 |
|
|
|a (OCoLC)00439145
|
| 035 |
|
|
|9 AAL3154AM
|
| 040 |
|
|
|a DLC
|c DLC
|d OCL
|d TXA
|d UtOrBLW
|
| 049 |
|
|
|a TXAM
|c [481264]
|
| 050 |
0 |
0 |
|a TK7888.3
|b .M28
|
| 082 |
0 |
|
|a .3819/58
|
| 100 |
1 |
|
|a Maley, Gerald A.
|
| 245 |
1 |
0 |
|a Introduction to digital computers /
|c [by] Gerald A. Maley [and] Melvin F. Heilweil.
|
| 264 |
|
1 |
|a Englewood Cliffs, N.J. :
|b Prentice-Hall,
|c [1968]
|
| 300 |
|
|
|a xv, 221 pages :
|b illustrations ;
|c 24 cm.
|
| 336 |
|
|
|a text
|b txt
|2 rdacontent
|
| 337 |
|
|
|a unmediated
|b n
|2 rdamedia
|
| 338 |
|
|
|a volume
|b nc
|2 rdacarrier
|
| 490 |
1 |
|
|a Prentice-Hall series in electronic technology
|
| 650 |
|
0 |
|a Electronic digital computers.
|
| 700 |
1 |
|
|a Heilweil, Melvin F.
|
| 740 |
0 |
|
|a Digital computers.
|
| 830 |
|
0 |
|a Prentice-Hall series in electronic technology.
|
| 999 |
|
|
|a MARS
|
| 999 |
f |
f |
|s 0cf44f7a-6700-3cea-887e-a961ff734fb0
|i bc6d1c19-d715-39e8-a0b3-043ee5e54359
|t 0
|
| 952 |
f |
f |
|p ric
|a Texas A&M University
|b Rellis Campus
|c Joint Library Facility
|d Remote Storage
|t 0
|e TK7888.3 .M28
|h Library of Congress classification
|i unmediated -- volume
|m A14805512295
|
| 998 |
f |
f |
|a TK7888.3 .M28
|t 0
|l Remote Storage
|